[Event "40th Olympiad Open"]
[Site "Istanbul TUR"]
[Date "2012.09.05"]
[Round "8.59"]
[Board "4"]
[White "Bazil, Joslin"]
[Black "Muendle, Kurt"]
[Result "1-0"]
[WhiteElo "1812"]
[BlackElo "1893"]
[WhiteTeam "Haiti"]
[BlackTeam "Liechtenstein"]
[WhiteFideId "11900032"]
[BlackFideId "12000159"]
[EventDate "2012.08.28"]

1. d4 d5 2. c4 e6 3. Nf3 Nf6 4. Bg5 Be7 5. e3 Nbd7 6. cxd5 exd5 7. Bd3 h6 8. Bh4
O-O 9. O-O c6 10. Nc3 Re8 11. Rc1 Ne4 12. Bg3 Nxg3 13. hxg3 Nf6 14. Qc2 Bd6 15.
a3 Bd7 16. e4 dxe4 17. Nxe4 Nxe4 18. Bxe4 Qb6 19. Bh7+ Kh8 20. Bd3 Be6 21. Qc3
Bd5 22. Ne5 Qc7 23. f4 Re7 24. Bc4 Be4 25. Rce1 Bh7 26. Bd3 Rae8 27. Nxf7+ Kg8
28. Ne5 Bxd3 29. Qxd3 c5 30. Qc4+ Kh8 31. Ng6+ Kh7 32. Nxe7 Rxe7 33. Rxe7 Qxe7
34. Qd3+ Kh8 35. dxc5 Bxc5+ 36. Kh2 Qe8 37. g4 Qe6 38. Qf3 Qe7 39. g3 Qe6 40.
Rd1 Bb6 41. Rd2 Qe1 42. Re2 Qg1+ 43. Kh3 Qd4 44. Qxb7 Qd8 45. Qf7 1-0

[Event "40th Olympiad Open"]
[Site "Istanbul TUR"]
[Date "2012.09.05"]
[Round "8.60"]
[Board "1"]
[White "Phillips, Roy"]
[Black "Croes, Octavio"]
[Result "1/2-1/2"]
[WhiteTitle "FM"]
[BlackTitle "CM"]
[WhiteElo "2257"]
[BlackElo "1915"]
[WhiteTeam "Mauritius"]
[BlackTeam "Aruba"]
[WhiteFideId "404136"]
[BlackFideId "1007220"]
[EventDate "2012.08.28"]

1. b3 e5 2. Bb2 d6 3. e3 Be6 4. d4 exd4 5. Qxd4 Nf6 6. Nf3 c5 7. Qd2 Nc6 8. c4
d5 9. cxd5 Nxd5 10. Nc3 Ndb4 11. Bb5 Qxd2+ 12. Kxd2 O-O-O+ 13. Ke2 Bf5 14. Rhd1
a6 15. Bxc6 Nxc6 16. Rxd8+ Nxd8 17. Na4 Nc6 18. Ne5 Nxe5 19. Bxe5 f6 20. Nb6+
Kd8 21. Rd1+ Ke8 22. Bc7 Be7 23. Nd5 Bd7 24. Nxe7 Kxe7 25. Bd6+ Kf7 26. Bxc5
Bb5+ 27. Kf3 Rc8 28. b4 Rc7 29. Rd6 Rd7 30. Rxd7+ Bxd7 31. h4 h5 32. Kf4 g6 33.
f3 f5 34. Kg5 Bc6 35. Bd4 Bd5 36. a3 Bc6 37. Kf4 Ke6 38. Kg5 Kf7 39. Kf4 Ke6 40.
e4 fxe4 41. fxe4 Bb5 42. Kg5 Kf7 43. Kf4 Ke6 44. Kg5 Kf7 45. g4 hxg4 46. Kxg4
Bc6 47. Kf4 Ke6 48. Bh8 Ba4 49. Kg5 Be8 50. Bd4 Kf7 51. Kf4 Ke6 52. Kg5 Kf7 53.
Bb6 Ke6 54. Bc7 Kf7 55. Kf4 Ke6 56. Kg5 Kf7 57. Be5 Bc6 58. Kf4 Ke6 59. Bc3 Ba4
60. Kg5 Be8 61. Bd4 Kf7 62. Bf2 Ke6 63. Bg3 Kf7 64. Kf4 Ke6 65. Ke3 Bb5 66. Kd4
Bc6 67. Bf4 Bb5 68. Kc5 Bc6 69. Kd4 Bb5 70. Bc7 Bc6 71. Ke3 Bb5 72. Kf4 Bc6 73.
Bb6 Be8 74. Bd4 Bc6 75. Bc3 1/2-1/2

[Event "40th Olympiad Open"]
[Site "Istanbul TUR"]
[Date "2012.09.05"]
[Round "8.60"]
[Board "2"]
[White "Pesqueira, Jose"]
[Black "Li Ying, Patrick"]
[Result "0-1"]
[BlackTitle "CM"]
[WhiteElo "1986"]
[BlackElo "2120"]
[WhiteTeam "Aruba"]
[BlackTeam "Mauritius"]
[WhiteFideId "15900037"]
[BlackFideId "9700056"]
[EventDate "2012.08.28"]

1. d4 Nf6 2. c4 e6 3. Nc3 Bb4 4. Qc2 d5 5. cxd5 exd5 6. Bg5 c5 7. dxc5 O-O 8.
O-O-O Bxc3 9. Qxc3 Ne4 10. Bxd8 Nxc3 11. bxc3 Rxd8 12. e4 b6 13. exd5 bxc5 14.
c4 Ba6 15. Nf3 Nd7 16. Kc2 Rab8 17. a3 Nb6 18. Ne5 Na4 19. Rb1 Rxb1 20. Kxb1
Rb8+ 21. Kc1 Rb3 22. Be2 Rxa3 23. Kd2 f6 24. Nc6 Nb6 25. Rc1 Ra2+ 26. Rc2 Ra4
27. d6 Bb7 28. Bf3 Kf8 29. Nb8 Bxf3 30. d7 Ke7 31. gxf3 Nxd7 32. Nxd7 Kxd7 33.
Ke3 Ke6 34. Ke4 g5 35. f4 f5+ 36. Ke3 g4 37. Kd3 Ra3+ 38. Rc3 Ra1 39. Rb3 Rd1+
40. Ke2 Rd4 41. Ra3 Rxf4 42. Rxa7 Rxc4 43. Rxh7 Ke5 44. h3 Rc2+ 45. Ke1 gxh3 46.
Rxh3 f4 47. Ra3 Kd4 48. Ra8 c4 49. Rd8+ Ke4 50. Re8+ Kf3 51. Rc8 Re2+ 52. Kd1
Re4 53. Rh8 Kxf2 54. Rg8 f3 55. Rg7 Kf1 56. Rg6 f2 57. Rg5 Rd4+ 58. Kc2 Ke2 59.
Re5+ Kf3 0-1

[Event "40th Olympiad Open"]
[Site "Istanbul TUR"]
[Date "2012.09.05"]
[Round "8.61"]
[Board "1"]
[White "Sanches, Romario"]
[Black "De La Riva Aguado, Oscar"]
[Result "0-1"]
[BlackTitle "GM"]
[WhiteElo "2030"]
[BlackElo "2540"]
[WhiteTeam "Suriname"]
[BlackTeam "Andorra"]
[WhiteFideId "8200211"]
[BlackFideId "6900224"]
[EventDate "2012.08.28"]

1. d4 Nf6 2. Nf3 c5 3. c3 b6 4. g3 Bb7 5. Bg2 g6 6. O-O Bg7 7. Qb3 Qc8 8. Ne5
O-O 9. Bxb7 Qxb7 10. dxc5 Qe4 11. cxb6 axb6 12. Nc4 Qxe2 13. Nxb6 Ra6 14. Nc4
Qe6 15. Ncd2 d5 16. Nf3 Nbd7 17. Nbd2 Qf5 18. Qb5 Rfa8 19. a3 e5 20. Re1 Qh5 21.
Qe2 Qf5 22. Nh4 Qe6 23. f4 e4 24. c4 Nc5 25. cxd5 Qxd5 26. Qc4 Qd6 27. Nb3 Nd3
28. Rd1 Qb6+ 29. Nd4 Ng4 30. Nf3 Nxc1 31. Raxc1 exf3 32. Rd3 Rd8 33. Rcd1 Raa8
34. h3 Rac8 35. Qb4 Bxd4+ 0-1

[Event "40th Olympiad Open"]
[Site "Istanbul TUR"]
[Date "2012.09.05"]
[Round "8.61"]
[Board "2"]
[White "Simonet, Marc"]
[Black "Giasi, Viresh"]
[Result "0-1"]
[WhiteTitle "FM"]
[WhiteElo "2291"]
[BlackElo "1975"]
[WhiteTeam "Andorra"]
[BlackTeam "Suriname"]
[WhiteFideId "6900127"]
[BlackFideId "8200165"]
[EventDate "2012.08.28"]

1. d4 d5 2. c4 c6 3. Nf3 Nf6 4. e3 g6 5. Be2 Bg7 6. O-O O-O 7. h3 Nbd7 8. Nc3
Re8 9. Qb3 Qb6 10. cxd5 Qxb3 11. axb3 Nxd5 12. Nxd5 cxd5 13. Bd2 Nb6 14. Rfc1
Bd7 15. Rc7 Bc6 16. Bb4 Kf8 17. Bc5 Rab8 18. Bxb6 axb6 19. b4 b5 20. Ra5 Ra8 21.
Bxb5 Rxa5 22. bxa5 Bxb5 23. Rxb7 Ba6 24. Rb6 Ra8 25. b4 Be2 26. Nd2 e5 27. dxe5
Bxe5 28. f4 Bb8 29. Kf2 Bd1 30. a6 d4 31. exd4 Ba7 32. Rd6 Ke7 33. Rd5 Rd8 34.
Re5+ Kf6 35. Ne4+ Kg7 36. Re7 Bxd4+ 37. Ke1 Ba4 38. a7 Ra8 39. Nc5 Bc3+ 40. Ke2
Bxb4 41. Ne6+ Kf6 42. Nc7 Kxe7 43. Nxa8 Bb5+ 44. Kd1 Bc6 45. Nb6 Bxg2 46. f5 Bc5
47. a8=Q Bxa8 48. Nxa8 Kd7 49. fxg6 hxg6 0-1

[Event "40th Olympiad Open"]
[Site "Istanbul TUR"]
[Date "2012.09.05"]
[Round "8.61"]
[Board "3"]
[White "Matoewi, Roger"]
[Black "Garcia, Raul"]
[Result "0-1"]
[WhiteTitle "CM"]
[BlackTitle "FM"]
[WhiteElo "2089"]
[BlackElo "2193"]
[WhiteTeam "Suriname"]
[BlackTeam "Andorra"]
[WhiteFideId "8200084"]
[BlackFideId "6900020"]
[EventDate "2012.08.28"]

1. e4 d5 2. exd5 Qxd5 3. Nf3 Bg4 4. Be2 Nc6 5. d4 O-O-O 6. Nc3 Qa5 7. Be3 e5 8.
Nxe5 Bxe2 9. Qxe2 Nxe5 10. dxe5 Qxe5 11. Nb5 Bc5 12. Bxc5 Qxc5 13. O-O Nf6 14.
b4 Qb6 15. a4 a6 16. Na3 Qxb4 17. Rfb1 Qe4 18. Qxe4 Nxe4 19. Rb4 Nc5 20. a5 Rhe8
21. Nc4 Re4 22. Rab1 Red4 23. Ne3 Rxb4 24. Rxb4 Ne6 25. Kf1 Rd4 26. c3 Rxb4 27.
cxb4 Kd7 28. Ke2 Kc6 29. Kd3 Kb5 30. Kc3 c5 31. bxc5 Nxc5 32. Nc4 Ne4+ 33. Kd4
Nxf2 34. Nd6+ Kxa5 35. Nxb7+ Kb4 36. Nc5 a5 37. Na6+ Kb5 38. Nc7+ Kc6 39. Nd5
Ng4 40. h3 Nf6 41. Nc3 Nd7 42. Nb1 Nc5 43. Kc4 Ne6 44. h4 Nf4 45. g3 Ne2 46. g4
Nf4 47. Kd4 Kd6 48. Nc3 Ne6+ 49. Ke4 Kc5 50. Kd3 h5 51. gxh5 Nf4+ 52. Kc2 Nxh5
53. Ne4+ Kd5 54. Nd2 f5 55. Kc3 f4 56. Kd3 Kc5 57. Kc3 a4 58. Ne4+ Kd5 59. Nd2
Ng3 0-1

[Event "40th Olympiad Open"]
[Site "Istanbul TUR"]
[Date "2012.09.05"]
[Round "8.61"]
[Board "4"]
[White "Jose Queralto, Daniel"]
[Black "Tjong Tjin Joe, Calvin"]
[Result "1/2-1/2"]
[WhiteElo "2133"]
[BlackElo "1981"]
[WhiteTeam "Andorra"]
[BlackTeam "Suriname"]
[WhiteFideId "6900089"]
[BlackFideId "8200580"]
[EventDate "2012.08.28"]

1. e4 c5 2. Nf3 d6 3. d4 cxd4 4. Nxd4 Nf6 5. f3 e6 6. c4 Be7 7. Be3 a6 8. Nc3
Nbd7 9. Be2 Qc7 10. Rc1 b6 11. O-O O-O 12. Qd2 Bb7 13. b4 Rfd8 14. Rfd1 Rac8 15.
a3 Bc6 16. Nd5 Bxd5 17. cxd5 Qb7 18. dxe6 fxe6 19. Nxe6 Rxc1 20. Rxc1 Rc8 21.
Qa2 Rxc1+ 22. Bxc1 Kh8 23. Qc4 a5 24. Qc7 Qxc7 25. Nxc7 axb4 26. axb4 d5 27.
Nxd5 Nxd5 28. exd5 Bxb4 29. Bb5 Nf6 30. Bc6 Bd6 31. g3 Kg8 32. Kf2 Kf7 33. Ke3
h5 34. Bb2 h4 35. Kf2 hxg3+ 36. hxg3 Nh5 37. f4 g5 38. Be5 Bc5+ 39. Kf3 gxf4 40.
gxf4 Ke7 41. Kg4 Nf6+ 42. Kf5 Nd7 43. Bxd7 Kxd7 44. Kg6 b5 45. f5 b4 46. f6 b3
47. f7 Bd6 48. Kh7 Bf8 49. Kg8 Be7 50. Bb2 Bd6 51. Kg7 Be7 52. Bf6 Ba3 53. Kg6
Bf8 54. Kf5 Kd6 55. Ke4 Bh6 56. Bb2 1/2-1/2

[Event "40th Olympiad Open"]
[Site "Istanbul TUR"]
[Date "2012.09.05"]
[Round "8.62"]
[Board "1"]
[White "Domingos, Catarino"]
[Black "Sidi Mbareck Mohamed"]
[Result "1-0"]
[WhiteTitle "FM"]
[WhiteElo "2280"]
[BlackElo "1947"]
[WhiteTeam "Angola"]
[BlackTeam "Mauritania"]
[WhiteFideId "10100253"]
[BlackFideId "19600186"]
[EventDate "2012.08.28"]

1. d4 Nf6 2. c4 g6 3. Nc3 Bg7 4. g3 O-O 5. Bg2 d6 6. Nf3 Nbd7 7. O-O e5 8. e4 c6
9. b3 exd4 10. Nxd4 Nc5 11. Bb2 Re8 12. Re1 a5 13. Qc2 Qb6 14. h3 a4 15. Nxa4
Nxa4 16. bxa4 Nd7 17. Red1 Nc5 18. Rab1 Qa6 19. a5 Qxa5 20. Nb3 Qc7 21. Bxg7
Kxg7 22. Rd2 Be6 23. Rbd1 Red8 24. Qb2+ Kg8 25. Qf6 Na4 26. Bf1 Re8 27. Rxd6 Qe7
28. Qd4 Bd5 29. e5 Be6 30. Rd2 Qg5 31. Kh2 h5 32. f4 Qf5 33. Qe3 Kg7 34. Nd4 Qb1
35. Bd3 Qc1 36. Nxe6+ Rxe6 37. Rxe6 fxe6 38. Bc2 Kh6 39. Qd3 Rg8 40. Bxa4 h4 41.
gxh4 Qe1 42. Qd4 Qf1 43. Qf2 Qc1 44. Qg2 Rg7 45. Bc2 Qe1 46. Qg5+ Kh7 1-0

[Event "40th Olympiad Open"]
[Site "Istanbul TUR"]
[Date "2012.09.05"]
[Round "8.62"]
[Board "4"]
[White "Yahi, Mohamed Salem"]
[Black "Cambando, Jose"]
[Result "0-1"]
[WhiteElo "1895"]
[BlackElo "2044"]
[WhiteTeam "Mauritania"]
[BlackTeam "Angola"]
[WhiteFideId "19600160"]
[BlackFideId "10100563"]
[EventDate "2012.08.28"]

1. d4 Nf6 2. c4 d6 3. Nc3 Nbd7 4. e4 e5 5. d5 Be7 6. Bd3 Nc5 7. Bc2 a5 8. a4 O-O
9. Nge2 c6 10. O-O Bg4 11. f3 Bh5 12. Be3 Nfd7 13. Ng3 Bg6 14. Rc1 Qb6 15. b3
Rfd8 16. Kh1 h6 17. Qd2 Nxb3 18. Bxb6 Nxd2 19. Bxd8 Rxd8 20. Rfd1 Nxc4 21. Bb3
Nb2 22. Rd2 Bg5 23. Rcc2 Nc5 24. Re2 Nbd3 25. Bc4 Nb4 26. Rb2 Kf8 27. Nf1 f5 28.
Ng3 f4 29. Nf1 Be8 30. g3 Rb8 31. dxc6 bxc6 32. h4 Bf6 33. Red2 Ke7 34. Rb1 Bd7
35. Kg2 Be6 36. Be2 Nb3 37. Rdb2 Nd4 38. Nd2 fxg3 39. Kxg3 g5 40. hxg5 Bxg5 41.
Nf1 Rg8 42. Kh2 Bf4+ 43. Kh1 Bh3 44. Bc4 Rg5 0-1

[Event "40th Olympiad Open"]
[Site "Istanbul TUR"]
[Date "2012.09.05"]
[Round "8.65"]
[Board "1"]
[White "Pace, Colin"]
[Black "Hamal, Manish"]
[Result "1/2-1/2"]
[WhiteTitle "CM"]
[BlackTitle "FM"]
[WhiteElo "2136"]
[BlackElo "2118"]
[WhiteTeam "Malta"]
[BlackTeam "Nepal"]
[WhiteFideId "5600189"]
[BlackFideId "12300110"]
[EventDate "2012.08.28"]

1. e4 Nf6 2. e5 Nd5 3. d4 d6 4. Nf3 g6 5. Bc4 Nb6 6. Bb3 Bg7 7. O-O O-O 8. h3
Nc6 9. Qe1 dxe5 10. dxe5 Nd4 11. Nxd4 Qxd4 12. e6 Bxe6 13. Bxe6 fxe6 14. Qxe6+
Rf7 15. c3 Qc4 16. Qxc4 Nxc4 17. Nd2 Ne5 18. Ne4 Nd3 19. Rd1 Nxc1 20. Raxc1 Bh6
21. Rc2 b6 22. c4 Rf4 23. f3 c5 24. Re2 Rf7 25. Rd7 e6 26. Rd6 Re7 27. Nf2 Kf7
28. Nd3 Rae8 29. Ne5+ Kg8 30. Nc6 Rc7 31. Rdxe6 Rxe6 32. Rxe6 Kf7 33. Nd8+ Kf8
34. Re2 Rd7 35. Nc6 Bf4 36. Kf2 a6 37. Ne5 Bxe5 38. Rxe5 Rd2+ 39. Re2 Rd4 40. b3
Kf7 41. Ke3 Rd6 42. f4 Re6+ 43. Kf3 Rd6 44. g4 Rd3+ 45. Re3 Rd2 46. a4 a5 47.
Ke4 Rd4+ 48. Kf3 Rd2 49. h4 Rh2 50. Kg3 Rd2 51. g5 Rd1 52. Kg2 Rd2+ 53. Kh3 Rd1
54. Rg3 Rd2 55. Kg4 Rd4 56. Rf3 Ke6 57. Re3+ Kf7 58. h5 Rd1 59. Rh3 Kg7 60. Rg3
Kf7 61. h6 Rd2 62. Re3 Rd1 63. Kf3 Rd4 64. Kg4 Rd1 65. f5 Rd4+ 66. Kg3 gxf5 67.
Kf3 Rh4 68. Kf2 Rf4+ 69. Rf3 Rg4 70. Rxf5+ Kg6 71. Rf6+ Kxg5 72. Rxb6 Rh4 73.
Rc6 Rxh6 74. Rxc5+ Kf4 75. Rxa5 Rh2+ 76. Kg1 Rb2 77. Rh5 Rxb3 78. Rxh7 Ra3 79.
c5 Ke5 80. Rh5+ Ke6 81. Kf2 Kd7 82. Ke2 Kc6 83. Kd2 Rxa4 84. Kc3 Rg4 85. Kb3 Rf4
86. Kc3 Rg4 1/2-1/2

[Event "40th Olympiad Open"]
[Site "Istanbul TUR"]
[Date "2012.09.05"]
[Round "8.65"]
[Board "3"]
[White "Zerafa, Patrick"]
[Black "Shrestha, Keshav"]
[Result "1-0"]
[WhiteTitle "CM"]
[BlackTitle "CM"]
[WhiteElo "2089"]
[BlackElo "2127"]
[WhiteTeam "Malta"]
[BlackTeam "Nepal"]
[WhiteFideId "5600375"]
[BlackFideId "12300055"]
[EventDate "2012.08.28"]

1. d4 d5 2. Nf3 c6 3. g3 e6 4. Bg2 f5 5. O-O Nf6 6. c4 Bd6 7. b3 O-O 8. Bb2 Qe7
9. Ne5 Nbd7 10. Nd2 Ba3 11. Qc2 Bxb2 12. Qxb2 Nxe5 13. dxe5 Ne4 14. cxd5 exd5
15. Nxe4 fxe4 16. f4 Bf5 17. Qd4 Rfd8 18. b4 b6 19. Rac1 Rac8 20. h3 h5 21. e3
g6 22. Rfd1 Qe6 23. Kh2 Rc7 24. Rd2 Rdc8 25. Rdc2 Qe7 26. b5 Qe6 27. bxc6 Rxc6
28. Qa4 Rxc2 29. Rxc2 Rxc2 30. Qxc2 Qd7 31. a3 Be6 32. Bf1 Kf7 33. Qc3 Qc8 34.
Qxc8 Bxc8 35. Kg1 Ke7 36. Kf2 Kd7 37. Bb5+ Kd8 38. h4 Kc7 39. Be8 Bf5 40. Ke1 a6
41. Kd2 b5 42. Kc3 Kb6 43. Kd4 a5 44. Bf7 a4 45. Bxd5 b4 46. axb4 a3 47. Kc3 Kb5
48. e6 a2 49. Kb2 Kxb4 50. e7 1-0

[Event "40th Olympiad Open"]
[Site "Istanbul TUR"]
[Date "2012.09.05"]
[Round "8.65"]
[Board "4"]
[White "Jaiswal, Rupesh"]
[Black "Psaila, Clarence"]
[Result "1/2-1/2"]
[WhiteElo "1956"]
[BlackElo "2026"]
[WhiteTeam "Nepal"]
[BlackTeam "Malta"]
[WhiteFideId "12300870"]
[BlackFideId "5600359"]
[EventDate "2012.08.28"]

1. d4 e6 2. Nf3 f5 3. Bf4 Nf6 4. e3 b6 5. Bd3 Bb7 6. Nbd2 Be7 7. Rc1 O-O 8. O-O
Ne4 9. c4 d6 10. Bb1 Nxd2 11. Nxd2 Nd7 12. h3 e5 13. dxe5 dxe5 14. Bh2 Qe8 15.
Nf3 Rd8 16. Qe2 Qg6 17. Rfd1 Bd6 18. Nh4 Qg5 19. Nf3 Qh5 20. Rd2 Rf6 21. Rcd1
Rg6 22. Kh1 Re8 23. Rg1 Ree6 24. e4 f4 25. Nd4 Qxe2 26. Nxe2 Nc5 27. f3 a5 28.
Rgd1 a4 29. Bc2 Ba6 30. b3 axb3 31. axb3 Re8 32. Bg1 Nd7 33. Ra1 Ra8 34. Bd1 Bb7
35. Rxa8+ Bxa8 36. Nc3 Re6 37. Nb5 Bc6 38. Nxd6 Rxd6 39. Rxd6 cxd6 40. b4 Kf7
41. Bf2 g5 42. Kg1 h5 43. Bc2 h4 44. Kf1 Ke7 45. Ke2 Kd8 46. Kd2 Kc7 47. Kc3 Kd8
48. Kb2 Kc7 49. Ka3 Kd8 50. Ba4 Kc7 51. Bb3 Kd8 52. Kb2 Kc7 53. Kc3 Ba8 54. Ba4
Bc6 55. Bc2 Ba8 56. Bd3 Bc6 57. Be1 Ba8 58. Bd2 Bc6 59. Be1 Ba8 60. Kb3 Bc6 61.
Bc2 Ba8 62. Bf2 Bc6 63. Kc3 Ba8 64. Ba4 Bc6 65. Bd1 Ba8 66. Be1 Bc6 67. Bd2 Ba8
68. Bc1 Bc6 69. Bd2 1/2-1/2

[Event "40th Olympiad Open"]
[Site "Istanbul TUR"]
[Date "2012.09.05"]
[Round "8.66"]
[Board "1"]
[White "Fancy, Stuart"]
[Black "Efimov, Igor"]
[Result "0-1"]
[BlackTitle "GM"]
[WhiteElo "2104"]
[BlackElo "2416"]
[WhiteTeam "Papua New Guinea"]
[BlackTeam "Monaco"]
[WhiteFideId "9100024"]
[BlackFideId "806404"]
[EventDate "2012.08.28"]

1. e4 c5 2. Nf3 e6 3. c3 b6 4. d4 Bb7 5. Bd3 Nf6 6. Qe2 Be7 7. e5 Nd5 8. dxc5
bxc5 9. a3 f5 10. c4 Nc7 11. Bd2 O-O 12. Bc3 Nc6 13. Nbd2 d5 14. exd6 Bxd6 15.
Bc2 e5 16. O-O e4 17. Nxe4 Re8 18. Nfg5 Qxg5 19. Nxg5 Rxe2 20. Bxf5 g6 21. Bg4
Re7 22. Bf6 Nd4 23. Bxe7 Bxe7 24. Nf3 Ne2+ 25. Kh1 h5 26. Bd7 Bf6 27. Rfe1 Nf4
28. Rab1 a5 29. Kg1 Rf8 30. Ne5 Nxg2 31. Nxg6 Nxe1 32. Rxe1 Rf7 33. Be6 Nxe6 34.
Rxe6 Bxb2 35. Ne7+ Kh7 36. Nd5 Bd4 37. Ne3 Bf3 38. Ra6 Rb7 0-1

[Event "40th Olympiad Open"]
[Site "Istanbul TUR"]
[Date "2012.09.05"]
[Round "8.66"]
[Board "2"]
[White "Villegas, Pierre"]
[Black "Marko, Helmut"]
[Result "1-0"]
[BlackTitle "CM"]
[WhiteElo "2249"]
[BlackElo "2014"]
[WhiteTeam "Monaco"]
[BlackTeam "Papua New Guinea"]
[WhiteFideId "654183"]
[BlackFideId "9100032"]
[EventDate "2012.08.28"]

1. d4 g6 2. c4 Bg7 3. Nc3 c5 4. d5 Bxc3+ 5. bxc3 Qa5 6. Qc2 f5 7. e4 fxe4 8. f3
Nf6 9. fxe4 Nxe4 10. Bd3 Nf6 11. Nf3 d6 12. O-O Nbd7 13. Bg5 Kd8 14. Rae1 Re8
15. Re2 b5 16. cxb5 Nxd5 17. Be4 N7b6 18. Rc1 Rb8 19. c4 Nf6 20. Qd3 Nbd7 21.
Bc6 Ng8 22. Qxd6 h6 23. Ne5 Rf8 24. Bxd7 1-0

[Event "40th Olympiad Open"]
[Site "Istanbul TUR"]
[Date "2012.09.05"]
[Round "8.66"]
[Board "3"]
[White "Jones, Rupert"]
[Black "Gentilleau, Jean-Philippe"]
[Result "0-1"]
[WhiteTitle "FM"]
[BlackTitle "FM"]
[WhiteElo "1941"]
[BlackElo "2205"]
[WhiteTeam "Papua New Guinea"]
[BlackTeam "Monaco"]
[WhiteFideId "9100121"]
[BlackFideId "5400074"]
[EventDate "2012.08.28"]

1. e4 c5 2. Nc3 e6 3. g3 d5 4. exd5 exd5 5. d4 Nc6 6. Bg2 cxd4 7. Nxd5 Bd6 8.
Bf4 Bxf4 9. Nxf4 Nge7 10. Qd2 Bf5 11. Nf3 O-O 12. O-O Qb6 13. Nh4 Bd7 14. Nf3
Rfd8 15. Nd3 Rac8 16. Ng5 h6 17. Ne4 Bf5 18. Rfe1 Nd5 19. a3 Nce7 20. h3 Bg6 21.
Re2 f5 22. Nec5 Rxc5 23. Nxc5 Qxc5 24. Re5 Nc6 25. Re2 Nf6 26. Qf4 Qb5 27. Rae1
Qxb2 28. c4 Qc3 29. Bxc6 bxc6 30. Qc7 Rf8 31. Qxc6 d3 32. Re7 d2 33. Rd1 Qc2 34.
Qe6+ Bf7 35. Qe2 Ne4 36. Rxa7 Nc3 0-1

[Event "40th Olympiad Open"]
[Site "Istanbul TUR"]
[Date "2012.09.05"]
[Round "8.67"]
[Board "2"]
[White "Anquandah, Francis Eric"]
[Black "Lee, T H Bryan"]
[Result "1/2-1/2"]
[WhiteElo "1992"]
[BlackElo "2016"]
[WhiteTeam "Ghana"]
[BlackTeam "Hong Kong"]
[WhiteFideId "12600148"]
[BlackFideId "6000584"]
[EventDate "2012.08.28"]

1. e4 c5 2. Nf3 d6 3. d4 cxd4 4. Nxd4 Nf6 5. Nc3 g6 6. Be3 Bg7 7. f3 O-O 8. Qd2
Nc6 9. O-O-O d5 10. Kb1 Nxd4 11. Bxd4 dxe4 12. fxe4 Be6 13. Be2 Qa5 14. Bf3 Rfd8
15. Qe1 Rac8 16. Nd5 Qxe1 17. Rhxe1 Nxd5 18. exd5 Bf5 19. Re2 g5 20. Bxg7 Kxg7
21. g4 Bg6 22. Kc1 Rc4 23. c3 Rd7 24. h3 b5 25. Kd2 Rf4 26. Re3 e5 27. Ke1 e4
28. Bg2 h5 29. Rd2 hxg4 30. hxg4 Rd6 31. Bh3 Kf6 32. b3 Ke5 33. c4 f5 34. gxf5
Bxf5 35. Bxf5 Rxf5 36. Rg3 Kf6 37. Rf2 Rxf2 38. Kxf2 bxc4 39. bxc4 Ra6 40. a3
Ke5 41. Rxg5+ Kd4 42. d6 Rxd6 43. Ra5 Rd7 44. c5 Rh7 45. Rb5 e3+ 46. Ke2 Rh2+
47. Kd1 Rh5 48. Rb4+ Kd3 49. Rb3+ Ke4 50. Rb7 Rd5+ 51. Ke1 Kd3 52. c6 Rc5 53.
Rd7+ Ke4 54. c7 Rc1+ 55. Ke2 Rc2+ 56. Kd1 Rc6 57. a4 a5 1/2-1/2

[Event "40th Olympiad Open"]
[Site "Istanbul TUR"]
[Date "2012.09.05"]
[Round "8.67"]
[Board "3"]
[White "Qian, Kun Arthas"]
[Black "Bonsu, Kwadwo Owusu Bempa"]
[Result "1-0"]
[WhiteElo "1983"]
[BlackElo "1952"]
[WhiteTeam "Hong Kong"]
[BlackTeam "Ghana"]
[WhiteFideId "6001556"]
[BlackFideId "12600172"]
[EventDate "2012.08.28"]

1. d4 d5 2. c4 e6 3. Nf3 Nf6 4. Nc3 Be7 5. e3 O-O 6. Bd3 Nbd7 7. cxd5 exd5 8.
O-O Re8 9. Re1 Nf8 10. Qc2 Ng6 11. Bd2 c6 12. Rac1 Bd6 13. h3 Bd7 14. e4 dxe4
15. Nxe4 Nxe4 16. Rxe4 Rxe4 17. Bxe4 Be6 18. Ng5 Bd5 19. Bxd5 cxd5 20. Qf5 Qf6
21. Qxd5 Nf4 22. Qxb7 Rf8 23. Ne4 Qxd4 24. Re1 Bb8 25. Bc3 Qc4 26. Qe7 Ne2+ 27.
Rxe2 Qc7 28. Qxc7 Bxc7 29. Rd2 Bb6 30. Rd5 h6 31. Bd4 1-0

[Event "40th Olympiad Open"]
[Site "Istanbul TUR"]
[Date "2012.09.05"]
[Round "8.67"]
[Board "4"]
[White "Thompson, Edward Nii Lamptey"]
[Black "Scott, Ian"]
[Result "1-0"]
[WhiteElo "1834"]
[BlackElo "1725"]
[WhiteTeam "Ghana"]
[BlackTeam "Hong Kong"]
[WhiteFideId "12600113"]
[BlackFideId "6000878"]
[EventDate "2012.08.28"]

1. e4 e5 2. Nf3 Nc6 3. Bb5 Bc5 4. O-O f5 5. exf5 Nf6 6. Qe2 O-O 7. Qc4+ d5 8.
Qxc5 Ne4 9. Qe3 Bxf5 10. Bxc6 bxc6 11. d4 exd4 12. Nxd4 Bd7 13. f3 Qf6 14. Nd2
Nd6 15. N2b3 h6 16. Nc5 Bc8 17. Bd2 Re8 18. Qf2 Qg6 19. Rae1 Bh3 20. Nd3 Bd7 21.
Ne5 Rxe5 22. Rxe5 c5 23. Nb3 c4 24. Nd4 c5 25. Re7 Bh3 26. Ne2 Qf6 27. Rc7 Bf5
28. Qxc5 Nf7 29. Bc3 Qd8 30. Qd4 Qf8 31. Nf4 Re8 32. Nh5 1-0

[Event "40th Olympiad Open"]
[Site "Istanbul TUR"]
[Date "2012.09.05"]
[Round "8.68"]
[Board "3"]
[White "Lima, Osvaldo Dos Santos"]
[Black "Bobadilla, Yelso"]
[Result "0-1"]
[WhiteElo "1719"]
[BlackElo "1874"]
[WhiteTeam "Sao Tome And Principe"]
[BlackTeam "Honduras"]
[WhiteFideId "14306352"]
[BlackFideId "8400970"]
[EventDate "2012.08.28"]

1. c4 e5 2. Nc3 Nf6 3. g3 c6 4. d4 exd4 5. Qxd4 Be7 6. e4 d6 7. Bg5 Qa5 8. Bd2
Qc7 9. O-O-O Nbd7 10. f4 O-O 11. h3 a6 12. Kb1 b5 13. Nf3 b4 14. Na4 c5 15. Qe3
Bb7 16. Bd3 Qc6 17. b3 Nxe4 18. Rhf1 Rae8 19. Qg1 Bf6 20. g4 Nxd2+ 21. Rxd2 g6
22. g5 Bh8 23. h4 f5 24. gxf6 Rxf6 25. h5 Nf8 26. f5 Qc7 27. hxg6 hxg6 28. Rg2
Qg7 29. Nb2 Rf7 30. Rh2 Qc3 31. Rc2 Qg7 32. Rh2 Bxf3 33. Rxf3 Qc3 34. Rf1 Rfe7
35. Rxh8+ Kxh8 36. Qh1+ Kg7 37. f6+ Qxf6 38. Rxf6 Re1+ 39. Kc2 Rxh1 40. Rxd6 Re6
41. Rd5 Ree1 42. Kd2 Ra1 43. Na4 Rxa2+ 44. Ke3 Rh3+ 45. Ke4 Kf6 46. Rd6+ Kg5 47.
Nxc5 a5 48. Kd5 a4 49. Ne4+ Kh4 50. Kc5 axb3 51. Kxb4 b2 52. Nc3 Ra1 53. c5 Rxd3
54. Rxd3 b1=Q+ 55. Nxb1 Rxb1+ 56. Kc4 Ne6 57. Kd5 Nf4+ 0-1